Responses for Show #5202 - Tuesday, April 3, 2007

Contestants

[<< previous game]

Catherine Allen, a copy editor from DeMotte, Indiana

Brian Robin, a public relations executive from Lancaster, California

Lenzy Krehbiel-Burton, a graduate student originally from Tulsa, Oklahoma (whose 1-day cash winnings total $10,300)

[next game >>]

Jeopardy! Round responses

GOOD TOMES
DIFFERENT STOKES
HOW I MET YOUR MOTOR
SAX & THE CITY
CARLS IN CHARGE
WE LOVE "T-V"
(Alex: Each correct response will have the letter "T" followed at some point by a "V".)
    $200 23
Sophie's Choice

Catherine
    $200 18
hummingbirds

Catherine
    $200 4
(Catherine: What is 500 laps?)
...
(Alex: Yes, 200 laps--it's a 2 1/2 mile track.)

500 miles

BrianCatherine
    $200 12
a Muppet

Catherine
    $200 7
Norway

Brian
    $200 1
(Brian: What is Is--uh, Jerusalem?)

Tel Aviv

BrianCatherine
    $400 24
Dickens

Catherine
    $400 19
gravity

Catherine
    $400 17
electric

Lenzy
    $400 13
Clinton

Lenzy
    $400 8
(Alex: He was one of [*]'s men.)

Napoleon

Triple Stumper
    $400 2
tavern

Lenzy
    $600 25
Les Miserables

Catherine
    $600 20
the heart

Catherine
    $600 29
(Catherine: What is Ford?)

General Motors

BrianCatherine
    $600 14
Lisa Simpson

Catherine
    $600 9
the parliament

Brian
    $600 3
an all-terrain vehicle

Brian
    $800 26
The Fountainhead

Brian
    $800 21
(Catherine: What is the stoker?)

the fireman

Catherine
Triple Stumper
    $1,600 28
Transportation

Brian
    $800 15
Branford Marsalis

Brian
    $800 10
Lutheran

Brian
    $800 5
the Tennessee Valley Authority

Brian
    $1000 27
The Last Hurrah

Triple Stumper
    $1000 22
Australia

Catherine
    $1000 30
Bavaria

Brian
    $1000 16
David Bowie

Brian
    $1000 11
Finland

Lenzy
    $1000 6
tovarich

Lenzy

Scores at the first commercial break (after clue 16):

Lenzy Brian Catherine
$2,800 $4,800 $800

Scores at the end of the Jeopardy! Round:

Lenzy Brian Catherine
$3,200 $8,800 $2,800

Double Jeopardy! Round responses

MATH
FOREIGN CINEMA
WELCOME TO MONTREAL
SHALL WE PLAY A GAME?
AMERICAN FACES
MAKE IT SINGULAR
    $400 22
proportion

Catherine
    $400 18
(Ang) Lee

Catherine
    $400 8
St. Lawrence

Brian
    $400 13
bridge

Catherine
    $400 1
Rosalynn Carter

Brian
    $400 6
moose

Catherine
    $800 23
[Alex reads "3!" as "three factorial".]

6

Lenzy
    $800 19
Das Boot

Brian
    $800 9
cobblestone

Catherine
    $800 14
hippos

Brian
    $800 2
Baryshnikov

Lenzy
    $800 7
alum (or alumnus)

Brian
    $1200 28
parameter

Triple Stumper
    $1200 20
The Seventh Seal

Triple Stumper
    $1200 10
(Alex: Yes, and they taste great, too.)

steamed

Catherine
    $1200 15
a straight

Brian
    $1200 3
(Jodie) Foster

Lenzy
    $1200 24
(Lenzy: What is criterium?)
[Originally ruled incorrect; reversed before the Daily Double at clue 29 when "criterium" was found in an old dictionary]

criterion

LenzyCatherine
    $1,000 29
(Catherine: What is a radius?)

about 31 inches (10 x pi)

Catherine
    $1600 21
Breathless

Triple Stumper
    $1600 11
(Jacques) Cartier

Brian
    $1600 16
Connect Four

Brian
    $1600 4
Stephen Douglas

Brian
    $1600 26
exit

Catherine
    $2000 30
to take the number that's between 3 and 5 (averaging the 2 middle numbers)

Catherine
    $2000 27
8 1/2

Triple Stumper
    $3,500 12
(Brian: Who was Joliet?)
(Alex: No, who is [*]? [*] University, world- famous university. Maybe not...)

McGill

Brian
    $2000 17
(Alex: Obviously, you three have not played [*].)

sardines

Triple Stumper
    $2000 5
Charles Atlas

Catherine
    $2000 25
phalanx

Brian

Scores at the end of the Double Jeopardy! Round:

Lenzy Brian Catherine
$7,200 $16,500 $12,200

[wagering suggestions for these scores]

Final Jeopardy! Round responses

COUNTRIES OF THE WORLD
(Alex: What was happening of importance in that time frame--the late 1830s/1840s?)
...
(Alex: Remember, so many American slaves went over there and established that country.)
LenzyWhat is Cuba?
$4,500
CatherineWhat is Cuba?
$12,200
BrianWhat is Brazil?
$7,901
Liberia

Final scores:

Lenzy Brian Catherine
$2,700 $8,599 $0
2nd place: $2,000 New champion: $8,599 3rd place: $1,000

Game dynamics:

Coryat scores:

Lenzy Brian Catherine
$7,200 $19,200 $13,200
9 R,
0 W
22 R
(including 1 DD),
2 W
(including 1 DD)
20 R,
4 W
(including 1 DD)

Combined Coryat: $39,600

[game clues] [game scores] [suggest correction]

Game tape date: 2007-01-24
The J! Archive is created by fans, for fans. Scraping, republication, monetization, and malicious use prohibited; this site may use cookies and collect identifying information. See terms. The Jeopardy! game show and all elements thereof, including but not limited to copyright and trademark thereto, are the property of Jeopardy Productions, Inc. and are protected under law. This website is not affiliated with, sponsored by, or operated by Jeopardy Productions, Inc. Join the discussion at JBoard.tv.